Труды XV сессии Комиссии по определению абсолютного возраста геологических формаций: г. Симферополь, октябрь 1967 г.

Dettagli Bibliografici
Ente Autore: Академия наук СССР (АН СССР) Комиссия по определению абсолютного возраста геологических формаций
Altri autori: Афанасьев Г. Д. (редактор)
Riassunto:В сборнике представлены главным образом коллективные доклады, в которых даются результаты работ последних лет по геологической и геохропологической изученности важнейших горно-рудных районов СССР; освещено состояние радиологических исследований для большей части территории Советского Союза и намечены перспективы дальнейших исследований по проблеме радиологического датирования в геологии. Кроме того, затронуты новые методические вопросы изотопной геологии.
Lingua:russo
Pubblicazione: Москва, Наука, 1970
Soggetti:
Natura: Libro
KOHA link:https://koha.lib.tpu.ru/cgi-bin/koha/opac-detail.pl?biblionumber=376134

MARC

LEADER 00000nam0a2200000 4500
001 376134
005 20231102012809.0
035 |a (RuTPU)RU\TPU\retro\33574 
035 |a RU\TPU\book\251684 
090 |a 376134 
100 |a 20221221d1970 k y0rusy50 ca 
101 0 |a rus 
102 |a RU 
105 |a a z 101zy 
200 1 |a Труды XV сессии Комиссии по определению абсолютного возраста геологических формаций  |e г. Симферополь, октябрь 1967 г.  |f Академия наук СССР (АН СССР), Комиссия по определению абсолютного возраста геологических формаций ; под ред. Г. Д. Афанасьева 
210 |a Москва  |c Наука  |d 1970 
215 |a 415 с.  |c ил. 
320 |a Библиогр. в конце ст. 
330 |a В сборнике представлены главным образом коллективные доклады, в которых даются результаты работ последних лет по геологической и геохропологической изученности важнейших горно-рудных районов СССР; освещено состояние радиологических исследований для большей части территории Советского Союза и намечены перспективы дальнейших исследований по проблеме радиологического датирования в геологии. Кроме того, затронуты новые методические вопросы изотопной геологии. 
606 1 |a Геологические формации  |x Возраст  |2 stltpush  |3 (RuTPU)RU\TPU\subj\6080  |9 34040 
610 1 |a геология 
610 1 |a формации 
610 1 |a горно-складчатые регионы 
610 1 |a СССР 
610 1 |a радиологические исследования 
610 1 |a геохронология 
610 1 |a докембрий 
675 |a 550.93(063)  |v 3 
702 1 |a Афанасьев  |b Г. Д.  |4 340 
712 0 2 |a Академия наук СССР (АН СССР)  |b Комиссия по определению абсолютного возраста геологических формаций  |2 stltpush  |3 (RuTPU)RU\TPU\col\722 
801 1 |a RU  |b 63413507  |c 20130124 
801 2 |a RU  |b 63413507  |c 20221221  |g RCR 
942 |c BK